Πλάτωνος Συμπόσιον
Αποθηκεύτηκε σε:
| Κύριος συγγραφέας: | |
|---|---|
| Άλλοι συγγραφείς: | |
| Μορφή: | Βιβλίο |
| Γλώσσα: | Greek |
| Δημοσίευση: |
Αθήνα :
Βιβλιοπωλείο της Εστίας,
1994
|
| Έκδοση: | 12η εκδ. |
| Σειρά: | Ελληνική βιβλιοθήκη (Εστία)
; 1 |
| Θέματα: | |
| Ετικέτες: |
Προσθήκη ετικέτας
Δεν υπάρχουν, Καταχωρήστε ετικέτα πρώτοι!
|
MARC
| LEADER | 00000cam a2200000 i 4500 | ||
|---|---|---|---|
| 001 | 1/56160 | ||
| 008 | 941103s1994 gr | ||| |||| ||gre|| | ||
| 020 | |a 9600500355 | ||
| 035 | |a 1994 |c ΒΙΒΛΙΟΘΗΚΗ |l 10045485 | ||
| 040 | |a GR-MY-UA |b gre |e aacr | ||
| 041 | 0 | |a gre | |
| 082 | 0 | |a 180.938 | |
| 100 | 0 | |a Πλάτων, |d 428 ή 7-348 ή 7 π.Χ. | |
| 245 | 1 | 0 | |a Πλάτωνος Συμπόσιον / |c Πλάτων ; κείμενον, μετάφρασις και ερμηνεία υπο Ι. Συκουτρή |
| 250 | |a 12η εκδ. | ||
| 260 | |a Αθήνα : |b Βιβλιοπωλείο της Εστίας, |c 1994 | ||
| 300 | |a 223 σ.; |c 21 cm. | ||
| 490 | 1 | |a Ελληνική Βιβλιοθήκη |v ; 1 | |
| 650 | 0 | 0 | |a Philosophy, Ancient. |
| 700 | 1 | |a Συκουτρής, Ιωάννης, |d 1901-1937, |e trl | |
| 830 | 0 | |a Ελληνική βιβλιοθήκη (Εστία) |v ; 1 | |
| 852 | |a INST |b SAMOS |e 19941103 |h 180.938 ΠΛΑ |p 005300006638 |q 005300006638 |t BK |y 0 | ||
| 909 | |a Σ |b 034792 | ||